000 00350nam a2200145 a 4500
003 a
005 20180420140519.0
008 130320s19uu xx 00 eng d
050 _aTR(PS
_bP39 2007
245 _aPepper meets his new neighbor.
260 _aNew Delhi :
_bNew Dawn Press,
_c2007.
300 _a21
942 _2lcc
_cBK
999 _c106305
_d106305